000 00443nam a22001817a 4500
003 MPLRDC
005 20220104123824.0
008 210129b ||||| |||| 00| 0 eng d
020 _a7-5334-1137-4
082 _a811.1 ZM
100 _a庄之明、王淑琴著
245 _a读书. 写作技巧
_c
250 _a一版一刷
260 _a
_b福建教育出版社
_c1993
300 _b
650 _a写作法
942 _cBK
_o811.1 ZM
999 _c14477
_d14467